پریم چند کا سیکولر کردار اور دیگر مضامین / (Record no. 108042)

MARC details
000 -LEADER
fixed length control field 00959nam a22002537a 4500
005 - DATE AND TIME OF LATEST TRANSACTION
control field 20170123162334.0
010 ## - LIBRARY OF CONGRESS CONTROL NUMBER
LC control number B-050668
020 ## - INTERNATIONAL STANDARD BOOK NUMBER
Terms of availability 200.00
035 ## - SYSTEM CONTROL NUMBER
System control number B-050668
037 ## - SOURCE OF ACQUISITION
Source of stock number/acquisition Cen Lib/Ret
040 ## - CATALOGING SOURCE
Original cataloging agency DPL
Language of cataloging UR
082 ## - DEWEY DECIMAL CLASSIFICATION NUMBER
Classification number 840.8
Item number پ ر ے
100 ## - MAIN ENTRY--PERSONAL NAME
Personal name جی.کے. مانک ٹالا
9 (RLIN) 123443
245 ## - TITLE STATEMENT
Title پریم چند کا سیکولر کردار اور دیگر مضامین /
Statement of responsibility, etc جی.کے. مانک ٹالا
246 ## - VARYING FORM OF TITLE
Title proper/short title Prem Chand ka secular kirdar aur digar mazameen /
Remainder of title by G.K. Manaktal
260 ## - PUBLICATION, DISTRIBUTION, ETC. (IMPRINT)
Place of publication, distribution, etc نیی دہلی
Name of publisher, distributor, etc مکتبہ جدید
Date of publication, distribution, etc 2001
270 ## - ADDRESS
Address ٩/١٠، گولہ مارکیٹ دریاگنج
City نیی دہلی
Postal code 110002
300 ## - PHYSICAL DESCRIPTION
Extent 224p.
Dimensions 21cm(Hb)
650 ## - SUBJECT ADDED ENTRY--TOPICAL TERM
Topical term or geographic name as entry element ادب - ہندی
9 (RLIN) 123444
650 ## - SUBJECT ADDED ENTRY--TOPICAL TERM
Topical term or geographic name as entry element سیکولرازم - ہندی پریم چند
9 (RLIN) 123445
650 ## - SUBJECT ADDED ENTRY--TOPICAL TERM
Topical term or geographic name as entry element Literature -- Hindi
9 (RLIN) 83958
650 ## - SUBJECT ADDED ENTRY--TOPICAL TERM
Topical term or geographic name as entry element Secularism -- Hindi Prem Chand
9 (RLIN) 123446
942 ## - ADDED ENTRY ELEMENTS (KOHA)
Source of classification or shelving scheme Dewey Decimal Classification
Koha item type Urdu Bks
Classification part 840.8
Call number suffix پ ر ے
Holdings
Withdrawn status Lost status Damaged status Not for loan Home library Current library Date acquired Source of acquisition Cost, normal purchase price Total Checkouts Full call number Barcode Date last seen Date checked out Copy number Cost, replacement price Price effective from Koha item type
        Central Library Central Library 14/01/2016 Cen Lib/Ret 200.00 1 840.8 پ ر ے B-050668 12/09/2022 07/09/2022 1 200.00 14/01/2016 Urdu Bks

© Delhi Public Library
Hit Counter
free hit counter